| 000 | 00478nam a2200205Ia 4500 | ||
|---|---|---|---|
| 005 | 20240823034601.0 | ||
| 008 | 240823s9999||||xx |||||||||||||| ||und|| | ||
| 020 | _a978-81-264-1926-5 | ||
| 041 | _aMALAYALAM | ||
| 082 | _A158.1 Q2 | ||
| 100 | _aRobert T Kiyosaki | ||
| 245 | 0 | _aRich Dad Poor Dad | |
| 250 | _a1st | ||
| 260 |
_c2012 _b"D C Books,Kot" |
||
| 500 | _aYES | ||
| 650 |
_aSelf Help _bGeneral |
||
| 700 | _a Sharon L Lechter | ||
| 942 | _cBK | ||
| 999 |
_c198618 _d198618 |
||